=LDR 00000nam 2200000 4500 =001 INLIS000000000026150 =005 20130612124616 =008 ***********************************ind** =035 ##$$0010-061300000026150 =041 ##$$a ind =082 ##$$a 330.920 =090 ##$$a 330.920, SUG e =100 ##$$a Sugiyanto, Katijan =245 ##$$a Ekonomi 1, Pendidikan dasar 9 tahun untuk SLTP Kelas 1, Katijan Sugiyanto =260 ##$$a 1996 $b Surakarta =300 ##$$a vi, 96 hlm., ilus., 30 cm =650 ##$$a Ekonoi =650 ##$$a Studi Pengajaran =850 ##$$a NBPNMAT